Wer ist das? #1 - Statistiken

Allgemein
  • Dieses Quiz wurde 123 mal gespielt
  • Das Durchschnittsergebnis liegt bei 9 aus 20
Antwortstatistiken
Bildquiz Antwort % Korrekt
Katy Perry
86%
Niki Lauda
80%
Serena Williams
79%
Barbara Salesch
69%
Miley Cyrus
62%
Daniel Küblböck
54%
Katja Krasavice
53%
Martin Schneider
50%
Anton Hofreiter
49%
Tony Hawk
49%
Claudia Obert
48%
Edward Snowden
43%
Harald Lesch
41%
Pascal Hens
36%
Aiman Abdallah
34%
Birgit Prinz
30%
Martin Schmitt
26%
Ranga Yogeshwar
21%
Warren Buffett
18%
Bryan Lasme
12%
Keine übereinstimmenden Quizze gefunden
Verteilung der Resultate
Anzahl Personen mit jedem Resultat
Perzentil nach korrekt beantworteten Fragen
Ihre Resultats-Entwicklung
Sie haben dieses Quiz noch nicht gespielt